Chansons Françaises par titres détournés II - Statistiques

Statistiques générales
  • Ce quiz a été pris 1 553 fois
  • Le résultat moyen est 7 sur 15
Statistiques - réponses
Hint Réponse % Correct
Pas les anges du midi Les démons de minuit
89%
Périple périple Voyage voyage
88%
La grosse fan du mec au synthé La groupie du pianiste
72%
Mère, je t'appelle car j'ai mal Allo maman bobo
67%
Digne rapace peu éclairé L'aigle noir
65%
Le chant de nos champs L'hymne de nos campagnes
62%
Et un lever de soleil de plus Encore un matin
48%
Il y a vraiment énormément de personnes qui t'apprécient Il y a trop de gens qui t'aiment
41%
Elémentairement Evidemment
31%
Polissone sans complexe Libertine
30%
L'homme que je détiens Mon mec à moi
28%
Seras-tu des nôtres à la fin des cours ? Est-ce que tu viens pour les vacances ?
25%
A la fin de mon sommeil paradoxal Au bout de mes rêves
24%
Rassemblement de ressenti Foule sentimentale
22%
Co-voiturons Emmenez-moi
3%
Aucun quiz correspondant
Distribution des résultats
% des personnes avec chaque résultat
Percentile par nombre de réponses
Votre historique - résultats
Vous n’avez pas pris ce quiz